[Event "Clutch Chess International"]
[Site "Saint Louis"]
[Date "2020.06.07"]
[Round "1.6"]
[White "Grischuk, Alexander"]
[Black "Aronian, Levon"]
[Result "0-1"]
[WhiteElo "2784"]
[BlackElo "2778"]
[Annotator "TA"]
[PlyCount "266"]
[EventDate "2020.06.05"]
[EventType "k.o."]
[EventCountry "USA"]
[SourceTitle "playchess.com"]
[Source "ChessBase"]
[SourceQuality "1"]

{[%evp 17,265,14,24,-5,12,15,16,17,22,20,18,14,33,32,38,38,43,21,81,25,43,43,39,43,41,42,42,39,41,41,39,41,42,31,32,35,58,8,4,5,6,12,6,6,9,8,9,7,10,0,13,8,8,4,14,8,15,0,-4,-15,-17,-8,-8,-8,-10,-23,-23,-22,-25,-31,0,-17,-12,-26,-12,-76,-87,-93,-86,-102,-66,-81,-22,-48,-33,-136,-117,-127,-116,-108,-100,-129,-125,-140,-139,-139,-139,-139,-139,-139,-139,-268,-267,-267,-274,-267,-267,-246,-67,-171,-22,-2372,-2404,-2373,-1220,-2902,-4021,-1138,-3409,-2472,0,0,0,0,0,0,0,0,0,0,0,0,0,0,0,0,0,0,0,0,0,0,-8,-29938,-12850,-83,-29953,-29953,-29952,-29950,-29955,-29956,-29956,-29956,-29957,-29957,-29959,-29960,-29959,-29957,-29957,-29953,0,0,0,0,0,-29955,-29952,-29968,-29970,-29971,-29972,-29969,-29967,-29968,-29970,-29969,-29970,-29970,-29970,-29976,-29977,-29980,-29977,-29978,-29979,-29979,-29980,-29980,-29976,-29974,-29974,-29977,-29979,-29984,-29985,-29987,-29987,-29987,0,-29987,-29988,-29988,-29989,-29989,-29990,-29990,0,-29972,0,-29989,-29973,-29973,-29974,-29974,-29976,-29976,-29977,-29977,-29966,-29967,-29968,-29968,-29968,-29971,-29972,-29977,-29978,-29976,-29973,-29976,-29979,-29978,-29979,-29979,-29980,-29974,-338,-338,-338,-29985,-29986,-29988,-29986,-29986,-29987,-29990,-29991,-29999]} 1. e4 e5 2. Nf3 Nc6 3. Bb5 Nf6 4. O-O Nxe4 5. d4 Nd6 6. Bxc6 dxc6 7. dxe5 Nf5 8. Qxd8+ Kxd8 9. Nc3 {9.h3 injects fresh life into this line. Played by Fabiano Caruana in May 2020.} Be7 10. Bf4 {C67: Ruy Lopez: Berlin Defence: 4 0-0 Nxe4.} Nh4 11. Rad1+ Ke8 12. Nxh4 {The position is equal.} Bxh4 13. Ne2 Be7 {[#]} 14. Nd4 $146 ({Predecessor:} 14. Rd2 Bc5 15. Rfd1 Be6 16. Nd4 Bxd4 17. Rxd4 h6 18. a3 Ke7 19. Be3 {½-½ (19) Kodric,T (1606)-Arztmann,N (1877) Mureck 2013}) 14... a6 15. e6 Bxe6 16. Nxe6 fxe6 17. Rfe1 Bf6 (17... Rd8 $11) 18. b3 ({Reject} 18. Rxe6+ Kf7 $11) (18. Bxc7 $16 Ke7 19. b4) 18... Ke7 19. Bxc7 Rhc8 20. Bd6+ Kf7 21. Bc5 Rd8 22. Bb6 Rd5 23. c4 Rxd1 24. Rxd1 $14 {[%mdl 4096] Endgame KRB-KRB} Ke8 25. Rd6 Ke7 26. Rd3 Rc8 27. b4 e5 28. Bc5+ Ke6 29. Rd6+ Kf5 30. Bb6 Re8 31. Kf1 h5 32. Ke2 Re6 33. Rd1 Re8 34. a4 Ke6 35. h3 Be7 36. Rb1 Rf8 37. b5 Rf4 38. bxa6 bxa6 39. Rc1 c5 40. Ba5 Re4+ 41. Kd3 Rd4+ 42. Ke2 e4 43. Rc2 Bf6 44. Bb6 Kd6 45. Ba5 Kc6 46. Bd2 (46. Ke3 $11 {remains equal.}) 46... Rd3 $1 $17 47. a5 Rb3 48. Be3 Bc3 49. Bd2 Bb4 (49... Bd4 $17) 50. Ra2 g6 51. Kd1 (51. Rc2 $15) 51... Rd3 52. Ke2 Rd4 53. Rc2 Bxd2 54. Rxd2 Rxc4 {KR-KR} 55. Ke3 Ra4 56. Rd8 Rxa5 57. Kxe4 Ra4+ 58. Ke5 Ra2 59. Rd6+ (59. g4 $17) 59... Kb5 $19 60. Rxg6 Re2+ $1 ({Not} 60... Rxf2 61. g4 $17) 61. Kd5 Rxf2 62. g4 hxg4 $2 (62... c4 $19 {Strongly threatening ...c3.} 63. Rg7 hxg4 64. hxg4 c3) 63. hxg4 $15 a5 ({Better is} 63... c4 $1 $19 64. Kd4 Rf3) 64. g5 $2 {[%mdl 8192]} (64. Rg8 $11) 64... a4 $1 $19 {[%cal Ba5a4,Ba4a3][%mdl 32]} 65. Rg8 Rd2+ 66. Ke5 a3 67. g6 Rg2 68. Kf6 Kc4 $2 (68... c4 $1 $19 69. Ra8 Kb4) 69. Ra8 $11 Kb3 70. Rb8+ Kc3 71. Ra8 Rf2+ 72. Ke7 Re2+ (72... a2 $5 73. g7 $8 Rg2 $17) 73. Kf7 Rf2+ 74. Ke7 Re2+ (74... a2 $5 75. g7 $8 Rg2 $11) 75. Kf7 a2 {Threatens to win with ...Kb2.} 76. g7 Rf2+ 77. Ke7 Rg2 78. Kf7 Kb2 79. Rb8+ Ka1 (79... Kc2 $5 80. Ra8 $8 Kb3 81. Rb8+ Kc3 $11) 80. g8=Q $4 {[%mdl 8192]} (80. Rc8 $11) 80... Rxg8 81. Kxg8 {KR-KPP} c4 82. Rc8 {[#]} c3 $1 {[%mdl 512]} 83. Kf7 (83. Rxc3 Kb2) 83... Kb2 84. Rb8+ Kc2 85. Ra8 {[#]} Kb3 $1 86. Rb8+ Kc4 87. Rc8+ Kd3 88. Rd8+ Ke3 89. Re8+ {[#]} Kf3 $2 (89... Kd4 $1 90. Rd8+ Kc4 91. Rc8+ Kb4 92. Ra8 c2 93. Rb8+ Kc5 94. Ra8 Kb6 95. Rxa2 c1=Q 96. Rf2 Qc4+ 97. Kg6 Qg4+ 98. Kf7 Qh5+ 99. Kg7 Kc6 100. Rf1 Kd7 101. Rf6 Ke7 102. Rg6 Qe5+ 103. Kg8 Qd4 104. Rg3 Qd5+ 105. Kh7 Qe4+ 106. Kg8 Qd5+ 107. Kh7 Qe4+ 108. Kg8 Kf6 109. Rg7 Qa8+ 110. Kh7 Qe8 111. Ra7 Qh5+ 112. Kg8 Qd5+ 113. Kh8 Qh1+ 114. Kg8 Qg1+ {[%mdl 64] Double Attack} 115. Kh7 Qxa7+ 116. Kh6 Qg7+ 117. Kh5 Qg5#) 90. Re1 c2 {Hoping for ...Kf2.} 91. Ke6 Kf2 92. Rh1 $2 {[%mdl 8192] Black continues to play with concentration.} (92. Ra1 $11 Ke3 93. Ke5) 92... Ke3 93. Kd5 Kd2 94. Ra1 c1=Q 95. Rxa2+ {KQ-KR} Ke3 96. Ra6 Qd1+ 97. Ke6 Ke4 98. Ke7 Qb3 99. Rh6 Qb7+ 100. Ke8 Qg7 101. Ra6 Qe5+ 102. Kf7 Kf5 103. Rh6 Qc7+ 104. Ke8 Qg7 105. Ra6 Qb7 106. Rh6 Qc7 107. Rh3 Qc6+ 108. Ke7 Qc7+ 109. Ke8 Kg6 110. Rd3 Qe5+ 111. Kd8 Qa5+ 112. Ke7 Qc7+ 113. Ke8 $1 Qe5+ 114. Kd8 Qe4 115. Rd6+ Kf7 116. Kc7 Qc4+ 117. Rc6 Qf4+ 118. Kb6 Ke7 119. Kb5 Kd7 120. Rc4 Qe3 121. Kb4 Kd6 122. Ka4 Kd5 123. Rc2 Qb6 124. Rc3 Kd4 125. Rc2 Kd3 126. Rc1 Qd4+ 127. Kb3 Qd5+ $2 (127... Qe5 {mates} 128. Rd1+ Ke2 129. Rc1 Qb5+ 130. Kc3 Qc5+ 131. Kb2 Qb4+ 132. Kc2 Qa4+ 133. Kb2 Kd2 134. Rb1 Qc2+ 135. Ka1 Qe4 136. Ka2 Qa4+ 137. Kb2 Qc2+ 138. Ka1 Qe4 139. Kb2 Qc2+) 128. Kb4 $19 {intending Rd1+.} Qb7+ 129. Ka3 $2 (129. Ka5 $19 Qa8+ 130. Kb5) 129... Qb5 {Black mates.} 130. Rf1 Qa6+ 131. Kb3 Qb6+ 132. Ka3 Kc2 {[%csl Gc2][%cal Rb6b3]} 133. Rf3 Qa5# {Accuracy: White = 76%, Black = 85%.} 0-1

[Event "Clutch Chess International"]
[Site "Saint Louis"]
[Date "2020.06.07"]
[Round "1.6"]
[White "Caruana, Fabiano"]
[Black "Dominguez Perez, Leinier"]
[Result "1/2-1/2"]
[WhiteElo "2773"]
[BlackElo "2786"]
[Annotator "TA"]
[PlyCount "87"]
[EventDate "2020.06.05"]
[EventType "k.o."]
[EventCountry "USA"]
[SourceTitle "playchess.com"]
[Source "ChessBase"]
[SourceQuality "1"]

{[%evp 16,87,6,0,1,0,0,0,0,-8,0,-19,-7,-5,0,0,0,0,0,0,4,-4,0,-7,0,4,9,0,18,20,22,21,20,14,22,26,17,4,37,35,30,38,23,0,0,0,29,14,7,0,7,6,6,0,9,5,31,6,6,-3,0,0,0,0,0,0,0,0,0,0,0,0,0,0]} 1. d4 Nf6 2. c4 e6 3. Nc3 Bb4 4. e3 O-O 5. Nge2 d5 6. a3 Bd6 7. Ng3 c5 8. dxc5 Bxc5 9. b4 Be7 {E46: Nimzo-Indian: Rubinstein: 4 e3 0-0 5 Ne2 without early Bd3.} 10. Bb2 dxc4 11. Bxc4 Qxd1+ 12. Rxd1 Nbd7 {[%cal Bb8d7,Bd7b6,Bb6d5][%mdl 32]} 13. Nce4 Nxe4 14. Nxe4 Nb6 15. Be2 Bd7 16. O-O Bc6 {[#]} 17. f3 $146 ({Predecessor:} 17. Nc5 Rfc8 18. Rb1 Bxc5 19. bxc5 Nd7 20. f3 Nxc5 21. Bd4 Nd7 22. e4 f6 23. Rfc1 {½-½ (32) Jaulneau,C (2542)-Firnhaber,I (2517) ICCF email 2014}) 17... a6 18. Bd4 Nd5 {Hoping for ...e5!} 19. Kf2 Rfc8 20. Rc1 Bb5 21. Bc5 f5 22. Bxe7 fxe4 23. Bc5 exf3 24. gxf3 Rc6 25. Bd4 Rac8 26. Rc5 b6 27. Rxc6 Rxc6 28. Bxb5 axb5 $14 {[%mdl 4096] Endgame KRB-KRN} 29. f4 Rc2+ 30. Kf3 Ra2 31. Ra1 Rxh2 32. Rc1 Kf7 33. Rc8 Ra2 34. Ra8 Rc2 35. Be5 Nf6 36. Ra7+ {[%mdl 1024] White has compensation.} Kg6 {The position is equal.} 37. Bd6 Kf5 38. Bf8 {[#] Rf7 is the strong threat.} Ne4 {[%csl Ge4][%cal Rc2f2]} 39. Rf7+ Kg6 40. Rxg7+ Kf5 {[%csl Ge4][%cal Rc2f2]} 41. Rf7+ Kg6 42. Rg7+ Kf5 {[%csl Ge4][%cal Rc2f2] [#]} 43. Rf7+ Kg6 44. Rg7+ {Accuracy: White = 96%, Black = 89%.} 1/2-1/2

[Event "Clutch Chess International"]
[Site "Saint Louis"]
[Date "2020.06.06"]
[Round "1.6"]
[White "Xiong, Jeffery"]
[Black "Carlsen, Magnus"]
[Result "1/2-1/2"]
[WhiteElo "2730"]
[BlackElo "2881"]
[Annotator "TA"]
[PlyCount "115"]
[EventDate "2020.06.05"]
[EventType "k.o."]
[EventCountry "USA"]
[SourceTitle "playchess.com"]
[Source "ChessBase"]
[SourceQuality "1"]

{[%evp 13,115,6,5,11,0,0,0,0,11,0,30,-28,-19,-20,0,0,0,0,0,0,31,19,22,13,17,3,40,0,87,77,129,129,137,125,149,33,37,16,96,0,9,0,0,0,0,0,0,0,1,0,0,0,0,0,0,0,0,0,0,0,0,0,0,0,0,0,0,0,0,0,0,0,0,0,0,0,0,0,0,0,0,0,0,0,0,0,0,0,0,0,0,0,0,0,0,0,0,0,0,0,0,0,0,0]} 1. d4 d5 2. c4 e6 3. Nc3 c6 4. e4 dxe4 5. Nxe4 Bb4+ 6. Nc3 c5 7. a3 Ba5 8. Be3 {D31: Queen's Gambit Declined: Semi-Slav without ...Nf6 (+ Marshall Gambit and Noteboom) and Exchange Variation lines without ...Nf6.} Nf6 9. Nge2 cxd4 10. Qxd4 Qxd4 11. Bxd4 Nc6 {[#]} 12. Bc5 $5 $146 {[%mdl 8] An interesting novelty.} (12. Bxf6 $142 gxf6 13. b4) ({Predecessor:} 12. b4 Nxd4 13. Nxd4 Bc7 14. Be2 {½-½ (14) Markus,R (2599)-Berkes,F (2666) Subotica 2019}) 12... Ne4 13. Be3 Nxc3 14. Nxc3 Bxc3+ 15. bxc3 e5 16. Rb1 Kd8 17. f4 Re8 18. Kf2 Kc7 19. Bd3 h6 20. Rb5 f6 (20... b6 $1 $11) 21. Rhb1 Re7 (21... g5 $142) 22. Be4 $16 Kd8 {Black wants to play ...exf4.} 23. Rd5+ Kc7 24. fxe5 (24. f5 $16) 24... Nxe5 $14 {[#] ...Ng4+ is the strong threat.} 25. Bf4 Rb8 (25... b6 $1 $11) 26. Ke3 ({Better is} 26. Rbb5 $16 {[%cal Rd5e5] Hoping for Rxe5.} Bd7 27. Rxe5 (27. Bxe5+ fxe5 28. Rdc5+ Kd6 $11) 27... fxe5 28. Rxe5 Rxe5 29. Bxe5+ Kc8 30. Bxb8 (30. Bxg7 Bc6 $14) 30... Kxb8 31. Ke3) 26... Bd7 $1 $11 {The position is equal.} 27. Rc5+ Bc6 28. Bxc6 {[%mdl 64] [#] Pin} b6 29. Bxe5+ $1 fxe5 30. Rd5 {Black must now prevent Bb5.} Kxc6 {[%mdl 4096] Endgame KRR-KRR} 31. Rf1 Rc8 32. Rf5 Kb7 33. Rfxe5 Rxe5+ 34. Rxe5 Rxc4 {KR-KR} 35. Kd3 Rg4 36. g3 Kc6 37. c4 Rg5 38. Re7 a5 39. Kd4 Kd6 40. Rb7 Rg4+ 41. Kd3 Kc6 42. Re7 h5 43. Re6+ Kc7 44. Re5 g6 45. Re6 Rg5 46. Kd4 Kb7 47. Rf6 h4 48. gxh4 Rg4+ 49. Kc3 Rxh4 50. Rxg6 Rxh2 51. c5 Rh3+ 52. Kc4 bxc5 53. Kxc5 Rxa3 54. Kb5 a4 55. Rg7+ Kc8 56. Rg4 Kc7 57. Rxa4 Rxa4 58. Kxa4 {Accuracy: White = 88%, Black = 87%.} 1/2-1/2

[Event "Clutch Chess International"]
[Site "Saint Louis"]
[Date "2020.06.08"]
[Round "1.7"]
[White "Vachier-Lagrave, Maxime"]
[Black "So, Wesley"]
[Result "1/2-1/2"]
[WhiteElo "2860"]
[BlackElo "2741"]
[Annotator "TA"]
[PlyCount "130"]
[EventDate "2020.06.05"]
[EventType "k.o."]
[EventCountry "USA"]
[SourceTitle "playchess.com"]
[Source "ChessBase"]
[SourceQuality "1"]

{[%evp 22,130,20,-6,0,6,-4,-4,6,4,3,4,11,0,11,0,0,0,0,0,15,10,13,10,12,14,13,9,22,33,54,42,52,61,79,14,14,17,32,12,84,74,91,85,77,76,67,67,68,8,19,0,0,0,5,0,0,0,21,0,3,0,0,-2,-4,-6,-7,-11,-8,-8,-4,-8,0,0,0,0,0,-8,0,0,0,0,0,0,0,0,0,0,0,0,0,0,0,0,0,0,0,0,0,0,0,0,0,0,0,0,0,0,0,0,0]} 1. Nf3 d5 2. g3 c5 3. Bg2 Nc6 4. d4 e6 5. O-O Nf6 6. c4 dxc4 7. Qa4 Bd7 8. Qxc4 cxd4 9. Nxd4 Rc8 10. Nc3 Nxd4 11. Qxd4 Bc5 12. Qd3 Bc6 {E04: Open Catalan: 5 Nf3.} 13. Bxc6+ Rxc6 14. Qf3 O-O {[#]} 15. Rd1 $146 ({Predecessor:} 15. Bg5 h6 16. Rad1 Bd6 17. Bxf6 Qxf6 18. Qxf6 gxf6 19. Ne4 Be5 20. Rd7 f5 21. Nd2 {1-0 (45) Bras,E (2000)-Milonakis,G (1880) Chania 1999}) 15... Qa5 16. Bd2 {[#] Hoping for Ne4.} Qa6 17. Bg5 Be7 18. Ne4 {[%cal Rg5f6]} (18. e4 {keeps more tension.} h6 19. Bf4 Bb4 20. Be5 Be7 21. Bd4) 18... Nd5 19. Bxe7 Nxe7 20. Nc3 Ng6 (20... Qb6 {with more complications.} 21. Rd2 Ng6 22. Qe4 Rfc8 23. Rad1 h6) 21. Qe3 Qb6 22. Qxb6 Rxb6 23. Na4 Ra6 24. b3 b5 25. Nc3 b4 26. Na4 Ne7 27. Rac1 $36 {[%mdl 2048] White has the initiative.} Nd5 28. e4 (28. Rc4 $16) 28... Nc3 $1 $11 {[%cal Rc3d1]} 29. Nxc3 bxc3 {[%mdl 4096] Endgame KRR-KRR} 30. Rc2 Rc6 (30... g5 $11 {remains equal.}) 31. Kf1 $16 h5 32. Ke2 Rfc8 33. Rd4 e5 34. Rd5 f6 35. h4 (35. f4 $14) 35... R8c7 $11 {The position is equal.} 36. Kd3 Kf7 37. f4 Ke6 38. fxe5 fxe5 39. Ke2 Rd7 40. Rxd7 Kxd7 {KR-KR} 41. Kd3 Rg6 42. Rg2 Rg4 43. Kxc3 Rxe4 44. Kd3 Rg4 45. Ke3 Ke6 46. Kf3 e4+ 47. Kf2 Rg6 48. Rg1 Rf6+ 49. Ke2 Ke5 50. Rc1 Rf3 51. Rc5+ Kd4 52. Rxh5 Rxg3 53. Ra5 Rg2+ 54. Kf1 Rh2 55. Rxa7 e3 56. Rxg7 Rxa2 57. h5 Ra1+ 58. Ke2 Ra2+ 59. Kf3 Rf2+ 60. Kg3 Rf1 {[#] ( -> ...Rg1+)} 61. Rd7+ Kc3 62. Re7 Kd2 63. Rd7+ Kc3 {And now ...e2 would win.} 64. Re7 Kd2 65. Rd7+ Kc3 {Accuracy: White = 95%, Black = 96%.} 1/2-1/2

[Event "Clutch Chess International"]
[Site "Saint Louis"]
[Date "2020.06.08"]
[Round "1.7"]
[White "Grischuk, Alexander"]
[Black "Aronian, Levon"]
[Result "1/2-1/2"]
[WhiteElo "2784"]
[BlackElo "2778"]
[Annotator "TA"]
[PlyCount "74"]
[EventDate "2020.06.05"]
[EventType "k.o."]
[EventCountry "USA"]
[SourceTitle "playchess.com"]
[Source "ChessBase"]
[SourceQuality "1"]

{[%evp 12,74,20,15,9,3,20,22,9,14,13,0,0,0,0,0,0,2,12,8,33,31,31,28,26,20,31,25,35,20,20,20,20,16,21,18,18,18,18,22,19,19,17,10,2,0,0,0,0,0,0,0,0,0,0,0,0,0,0,0,0,0,0,0,0]} 1. d4 Nf6 2. c4 e6 3. Nf3 d5 4. g3 Be7 5. Bg2 O-O 6. Nc3 Nbd7 7. Qd3 b6 {E06: Closed Catalan: Early deviations.} 8. cxd5 Nxd5 9. O-O Bb7 10. Rd1 N7f6 {[#]} 11. Nxd5 $146 ({Predecessor:} 11. Bg5 h6 12. Bd2 Nxc3 13. Bxc3 Nd5 14. Rac1 Nxc3 15. bxc3 Rc8 16. c4 {½-½ (16) Dragov,A (1964)-Baskakov,E Nizhnij Novgorod 2012}) 11... exd5 12. Bg5 h6 13. Bxf6 Bxf6 14. b4 c6 15. Rab1 Qe7 16. a4 Rfc8 17. Rdc1 Rc7 18. e3 g6 19. Qb3 Rd8 20. Ne1 Bc8 {The position is equal.} 21. Nd3 Bf5 22. Rc2 (22. Rc3 {looks sharper.} c5 23. bxc5 bxc5 24. Rxc5 Rxc5 25. dxc5 Bxd3 26. Qxd3 Qxc5 27. Rb7) 22... c5 23. bxc5 bxc5 24. Rxc5 Rxc5 25. dxc5 Bxd3 $1 26. Qxd3 Qxc5 27. h4 Qc4 28. Rd1 {[%cal Rg2d5]} Qxd3 29. Rxd3 d4 30. exd4 Rxd4 31. Rxd4 Bxd4 $11 {[%mdl 4096] Endgame KB-KB} 32. Kf1 h5 33. Ke2 a5 34. Kf1 Kf8 35. Ke2 Kg8 36. Kf1 Kf8 37. Ke2 Kg8 {Accuracy: White = 100%, Black = 96%.} 1/2-1/2

[Event "Clutch Chess International"]
[Site "Saint Louis"]
[Date "2020.06.08"]
[Round "1.7"]
[White "Caruana, Fabiano"]
[Black "Dominguez Perez, Leinier"]
[Result "0-1"]
[WhiteElo "2773"]
[BlackElo "2786"]
[Annotator "TA"]
[PlyCount "116"]
[EventDate "2020.06.05"]
[EventType "k.o."]
[EventCountry "USA"]
[SourceTitle "playchess.com"]
[Source "ChessBase"]
[SourceQuality "1"]

{[%evp 9,116,7,15,18,10,14,13,4,5,2,2,0,0,0,0,0,0,0,0,0,0,0,0,0,0,0,0,0,0,0,24,21,59,49,59,22,38,25,7,10,6,0,29,0,0,0,16,0,0,0,0,0,0,0,0,0,0,0,0,-64,-10,-147,-137,-150,-10,-6,0,-142,-148,-151,-154,-156,-158,-153,-155,-142,-137,-270,-270,-281,-270,-259,-263,-444,-441,-497,-504,-433,-443,-494,-305,-299,-290,-1464,-958,-5501,-3706,-29972,-29972,-29975,-29976,-29977,-29977,-29979,-29979,-29980,-29981,-29976,-29976]} 1. d4 Nf6 2. c4 e6 3. Nc3 Bb4 4. Qc2 d5 5. cxd5 exd5 6. Bf4 {E35: Nimzo-Indian: Classical: 4...d5 5 cxd5 exd5.} c5 7. dxc5 Nc6 8. e3 {The position is equal.} O-O 9. Nf3 d4 {[%mdl 64] Pin} 10. O-O-O {[%cal Re3d4]} Bxc5 11. exd4 Bd6 12. Bxd6 Qxd6 13. a3 {[#]} Be6 $146 ({Predecessor:} 13... Bg4 14. Kb1 Rac8 15. d5 Ne7 16. Qb3 Rfd8 17. Bd3 Nexd5 18. Nxd5 Nxd5 19. Be4 Be6 {1-0 (56) Kuljasevic,D (2538)-Brkic,A (2596) Pozega 2018}) 14. Kb1 Na5 15. d5 Nxd5 16. Nxd5 Bxd5 17. Bd3 g6 18. Be4 Bxe4 19. Qxe4 Qb6 20. Ne5 Rfe8 21. Qf4 $1 {[%cal Rf4f7]} Qe6 22. Nd7 {Rd6 is the strong threat.} Kg7 $1 23. Rhe1 Qc4 $1 $132 {[%cal Rc4f4][%mdl 2048] Black is not holding back} 24. Qf6+ Kg8 25. Qd6 {Threatens to win with Nf6+.} Kg7 ({Much worse is} 25... Rec8 $6 26. Qe5 $16) 26. Re7 {Strongly threatening Qe5+.} Rxe7 27. Qxe7 Qf4 28. Qb4 Qf5+ 29. Ka1 {aiming for Qc3+.} Rc8 30. g4 Qf3 31. Qd4+ f6 32. Qd6 Re8 33. Nc5 {And now Qc7+ would win.} Qxg4 34. h3 (34. Nxb7 $11 Nxb7 35. Qd7+ Qxd7 36. Rxd7+ Kf8 37. Rxb7) 34... Qc8 (34... Qe2 $15 35. Qc7+ Re7) 35. Ka2 (35. Qd7+ $11 {remains equal.} Qxd7 36. Rxd7+ Kh6 37. Nxb7) 35... b6 $17 36. Qd7+ Qxd7 ({Black should try} 36... Kh6 $1 $17 37. Qxc8 Rxc8) 37. Rxd7+ {[%mdl 4096] Endgame KRN-KRN} Kh6 38. Nd3 {White is on the road to losing.} (38. Rxa7 $11 {was the only way to keep the balance.} Re2 39. Ra6) 38... Nc6 $1 39. Rc7 Re6 40. Kb3 Rd6 41. Kc3 Nd4 {Hoping for ...Nb5+.} 42. a4 a5 43. b4 {[#]} (43. Rc4 $17 {was worth a try.} Nf3 44. Rf4 Rc6+ 45. Rc4) 43... Ne2+ $1 $19 44. Kc2 axb4 45. Nxb4 Nf4 46. Kb3 $2 (46. h4) 46... Nxh3 47. Kc4 Nxf2 48. Kb5 g5 49. Rc6 Rxc6 50. Nxc6 {KN-KN} g4 51. Nd4 $2 (51. Kxb6 Nd3 52. a5) 51... Nd3 52. Kxb6 {[#]} Nb2 $1 {[%cal Rb2a4]} 53. Kb5 {[#]} Nxa4 $1 {[%mdl 512] Black mates.} 54. Kxa4 Kg5 55. Kb3 Kf4 56. Kc3 Ke3 57. Nf5+ Kf2 58. Kd3 g3 {Accuracy: White = 62%, Black = 81%.} 0-1

[Event "Clutch Chess International"]
[Site "Saint Louis"]
[Date "2020.06.08"]
[Round "1.7"]
[White "Xiong, Jeffery"]
[Black "Carlsen, Magnus"]
[Result "1-0"]
[WhiteElo "2730"]
[BlackElo "2881"]
[Annotator "TA"]
[PlyCount "75"]
[EventDate "2020.06.05"]
[EventType "k.o."]
[EventCountry "USA"]
[SourceTitle "playchess.com"]
[Source "ChessBase"]
[SourceQuality "1"]

{[%evp 13,75,0,0,-7,16,4,12,15,27,26,27,24,39,30,32,25,21,26,19,19,20,25,19,20,50,66,60,53,106,100,91,80,78,80,106,100,108,100,104,103,100,89,102,22,23,22,22,22,28,0,98,104,95,70,400,397,547,537,661,668,655,641,672,603]} 1. e4 e5 2. Nf3 Nc6 3. d4 exd4 4. Nxd4 Bc5 5. Be3 Qf6 6. c3 Nge7 7. Bb5 O-O 8. O-O {C45: Scotch Game.} Bb6 9. a4 Qg6 10. Bd3 {The position is equal.} Bxd4 11. cxd4 Nb4 12. Nc3 {[%cal Bb1c3,Bc3e2,Be2d4][%mdl 32]} Nxd3 13. Qxd3 d5 14. f3 c6 15. Qd2 Be6 16. Rae1 {[#]} Rae8 $146 ({Predecessor:} 16... dxe4 17. fxe4 Rad8 18. Rf3 f6 19. Qf2 Rfe8 20. h3 b6 21. b4 Bc4 22. b5 cxb5 23. axb5 {1-0 (47) Lomasov,S (2540)-Brunello,S (2548) Porto Carras 2018}) 17. Ne2 {next Nf4 is good for White.} f6 18. e5 fxe5 19. dxe5 b6 20. b4 Rc8 {[#]} ({Black should try} 20... Nf5 $14) 21. Rc1 $1 $16 Rfd8 22. Nd4 h6 23. a5 Rd7 24. Rfe1 Rb7 25. axb6 axb6 26. Qe2 Rbb8 27. Bf2 Bh3 {[%csl Gh3][%cal Rg6g2] [#]} 28. Bg3 (28. Qf1 $1 $16) 28... c5 $11 29. Nb5 {Strongly threatening e6.} Be6 $1 30. Nd6 $36 {[%mdl 2048] White has the initiative.} Rc6 31. Qb5 {[%cal Rb4c5]} Ra8 (31... c4 $11) 32. bxc5 $16 Ra5 33. Qb4 Raxc5 $2 {[%mdl 8192] A mistake that costs the game.} (33... Ra6 $14) 34. Rxc5 $18 bxc5 35. Qb7 {White is clearly winning.} c4 36. Qxe7 c3 37. Qb7 Rc5 38. Qb6 {Accuracy: White = 86%, Black = 74%.} 1-0